| 000 | 00811nam a2200217 4500 | ||
|---|---|---|---|
| 003 | OSt | ||
| 005 | 20260530113909.0 | ||
| 008 | 260508b |||||||| |||| 00| 0 eng d | ||
| 040 |
_aICI _bspa _cICI |
||
| 050 |
_aCB478 _bM322 |
||
| 100 | 1 |
_aMcLuhan, Marshall, _933158 |
|
| 245 | 1 | 0 |
_a War and peace in the global village : _ban inventory of some of the current spastic situations that could be eliminated by more feedforward / _c[by] Marshall McLuhan [and] Quentin Fiore. Co-ordinated by Jerome Agel |
| 264 | 1 |
_a New York : _bMcGraw-Hill, _c[1968] |
|
| 300 | _a190 pƔginas | ||
| 336 |
_atexto _2rdacontent |
||
| 337 |
_asin medio _2rdamedia |
||
| 338 |
_avolumen _2rdacarrier |
||
| 650 |
_aGuerra y civilización _x Aspectos sociales _933159 |
||
| 700 |
_aFiore, Quentin, _eautor _933160 |
||
| 942 |
_2lcc _cBK _n1 |
||
| 999 |
_c12065 _d12065 |
||